<?xml version="1.0" encoding="UTF-8"?><?xml-stylesheet type="text/xsl" href="static/style.xsl"?><OAI-PMH xmlns="http://www.openarchives.org/OAI/2.0/" xmlns:xsi="http://www.w3.org/2001/XMLSchema-instance" xsi:schemaLocation="http://www.openarchives.org/OAI/2.0/ http://www.openarchives.org/OAI/2.0/OAI-PMH.xsd"><responseDate>2026-06-29T01:32:06Z</responseDate><request verb="GetRecord" identifier="oai:docta.ucm.es:20.500.14352/98081" metadataPrefix="marc">https://docta.ucm.es/rest/oai/request</request><GetRecord><record><header><identifier>oai:docta.ucm.es:20.500.14352/98081</identifier><datestamp>2025-07-08T00:13:22Z</datestamp><setSpec>com_20.500.14352_14</setSpec><setSpec>col_20.500.14352_15</setSpec></header><metadata><record xmlns="http://www.loc.gov/MARC21/slim" xmlns:dcterms="http://purl.org/dc/terms/" xmlns:xsi="http://www.w3.org/2001/XMLSchema-instance" xmlns:doc="http://www.lyncode.com/xoai" xsi:schemaLocation="http://www.loc.gov/MARC21/slim http://www.loc.gov/standards/marcxml/schema/MARC21slim.xsd">
   <leader>00925njm 22002777a 4500</leader>
   <datafield ind2=" " ind1=" " tag="042">
      <subfield code="a">dc</subfield>
   </datafield>
   <datafield ind2=" " ind1=" " tag="720">
      <subfield code="a">Cabrera González, Justo Enrique</subfield>
      <subfield code="e">author</subfield>
   </datafield>
   <datafield ind2=" " ind1=" " tag="260">
      <subfield code="c">2017</subfield>
   </datafield>
   <datafield ind2=" " ind1=" " tag="520">
      <subfield code="a">The synthesis and spectroscopic characterization of the first set of tetrakis{[(p-dodecacarboranyl)methyl]stilbenyl}ethylenes (TDSE), substituted either with a methyl or a phenyl group in the 2-position (Ccluster) of the ortho-carborane, are described. The complex absorption properties are elucidated by TD-DFT calculations, stressing the importance of through-bond conjugation. Enhanced conjugation and restriction of the conformational space are identified as the main factors for boosted luminescence properties in solution, compared with the tetraphenylethylene (TPE) core, effectively reducing internal conversion (IC). IC is further reduced when aggregate suspensions of our compounds are formed in water, providing highly luminescent materials of quasi-isolated (very weakly interacting) emitters.</subfield>
   </datafield>
   <datafield ind1="8" ind2=" " tag="024">
      <subfield code="a">1434-1948</subfield>
   </datafield>
   <datafield ind1="8" ind2=" " tag="024">
      <subfield code="a">10.1002/ejic.201700453</subfield>
   </datafield>
   <datafield ind1="8" ind2=" " tag="024">
      <subfield code="a">https://hdl.handle.net/20.500.14352/98081</subfield>
   </datafield>
   <datafield ind1="8" ind2=" " tag="024">
      <subfield code="a">1099-0682</subfield>
   </datafield>
   <datafield ind1="8" ind2=" " tag="024">
      <subfield code="a">https://doi.org/10.1002/ejic.201700453</subfield>
   </datafield>
   <datafield ind2="0" ind1="0" tag="245">
      <subfield code="a">Tetrakis{[(p-dodecacarboranyl)methyl]stilbenyl}ethylene:A Luminescent Tetraphenylethylene (TPE) Core System</subfield>
   </datafield>
</record></metadata></record></GetRecord></OAI-PMH>